The saddle club : (Record no. 7280)

MARC details
000 -LEADER
fixed length control field 00877nam a22002537a 4500
001 - CONTROL NUMBER
control field 7280
003 - CONTROL NUMBER IDENTIFIER
control field FISKH
005 - DATE AND TIME OF LATEST TRANSACTION
control field 20250708090527.0
008 - FIXED-LENGTH DATA ELEMENTS--GENERAL INFORMATION
fixed length control field 250708b cb ||||| |||| 00| 0 eng d
020 ## - INTERNATIONAL STANDARD BOOK NUMBER
International Standard Book Number 9780553480764
040 ## - CATALOGING SOURCE
Original cataloging agency FISKH
Language of cataloging eng
Transcribing agency FISKH
Modifying agency FISKH
050 ## - LIBRARY OF CONGRESS CALL NUMBER
Classification number PS3552.R877 R26
082 ## - DEWEY DECIMAL CLASSIFICATION NUMBER
Classification number 818
100 ## - MAIN ENTRY--PERSONAL NAME
Personal name Bryant, Bonnie
245 ## - TITLE STATEMENT
Title The saddle club :
Remainder of title Ranch hand /
Statement of responsibility, etc. Bonnie Bryant
250 ## - EDITION STATEMENT
Edition statement This edition first published in 1993
260 ## - PUBLICATION, DISTRIBUTION, ETC.
Place of publication, distribution, etc. New York :
Name of publisher, distributor, etc. A Skylark,
Date of publication, distribution, etc. 1993
300 ## - PHYSICAL DESCRIPTION
Extent 135 pages :
Other physical details illustrations ;
Dimensions 20 cm
520 ## - SUMMARY, ETC.
Summary, etc. When three friends accompany their riding instructor to New York City to attend an important horse show, they meet their favorite actor, who asks them to help him learn to ride for his latest movie.<br/>
650 ## - SUBJECT ADDED ENTRY--TOPICAL TERM
Source of heading or term Animals
Topical term or geographic name entry element Young adult
650 ## - SUBJECT ADDED ENTRY--TOPICAL TERM
Source of heading or term Fiction
Topical term or geographic name entry element Saddle club
942 ## - ADDED ENTRY ELEMENTS (KOHA)
Source of classification or shelving scheme Dewey Decimal Classification
Koha item type Books
Suppress in OPAC No
Holdings
Withdrawn status Lost status Source of classification or shelving scheme Damaged status Not for loan Collection Home library Current library Shelving location Date acquired Total Checkouts Full call number Barcode Date last seen Copy number Price effective from Koha item type
    Dewey Decimal Classification     Fiction Footprints International School Library Network Toul Tom Poung Campus Footprints International School Library Network Toul Tom Poung Campus TTP Secondary Fiction Bookshelves 07/08/2025   BRY 818 PS3552.R877 R26 2025-1762 07/08/2025 1 07/08/2025 Books